00854 2200193 4500245006300000020002200063250001100085100002100096700002400117650001500141650001100156005001900167260002700186041001400213084001000227300002300237500039100260336000900651 aHaid Menghalangi Ibadah ? No Way !cM. Fauzi RachmanhText a978-602-8236-21-8 aCet. 1 aM. Fauzi Rachman aYadi Saeful Hidayat aMenstruasi aIbadah a20240507095705 aBandungbMizaniac2008 aIndonesia a297.5 a138 hlm. :c19 cm. aPerempuan haid acap kali merasa memiliki kekurangan karena tidak dapat melaksanakan ibadah dengan sempurna. Dalam pemahaman mereka, ibadah hanya mencakup hal-hal yang bersifat ritual belaka, spert shalat, puasa, haji, dan yang lainnya. Padahal dalam perspektif Islam, makna ibadah sangatlah luas, dan dapat dilakukan oleh siapapun, termasuk seorang perempuan yang tengah haid sekalipun. atext